Govt. of
Madhya Pradesh

SocioE̜conomic Background of The Military History of Travancore kerala India (Record no. 2544)

MARC details
000 -LEADER
fixed length control field 005040000a22001810004500
003 - CONTROL NUMBER IDENTIFIER
control field MACL
005 - DATE AND TIME OF LATEST TRANSACTION
control field 20150731131133.0
008 - FIXED-LENGTH DATA ELEMENTS--GENERAL INFORMATION
fixed length control field 150731b xxu||||| |||| 00| 0 eng d
040 ## - CATALOGING SOURCE
Original cataloging agency MACL
Transcribing agency MACL
041 ## - LANGUAGE CODE
Language code of text/sound track or separate title English
082 ## - DEWEY DECIMAL CLASSIFICATION NUMBER
Classification number 355/NAD
100 ## - MAIN ENTRY--PERSONAL NAME
Personal name Nadar, Dr. G. Krishnan
9 (RLIN) 3741
245 ## - TITLE STATEMENT
Title SocioE̜conomic Background of The Military History of Travancore kerala India
260 ## - PUBLICATION, DISTRIBUTION, ETC. (IMPRINT)
Name of publisher, distributor, etc. Government Victoria College
Date of publication, distribution, etc. 1993
350 ## - PRICE (NR) (BK AM CF MU VM SE) [OBSOLETE]
Price 250
650 ## - SUBJECT ADDED ENTRY--TOPICAL TERM
Topical term or geographic name as entry element Militory Science
9 (RLIN) 3499
942 ## - ADDED ENTRY ELEMENTS (KOHA)
Koha item type Books
Call number prefix 355
Source of classification or shelving scheme
Holdings
Withdrawn status Lost status Source of classification or shelving scheme Damaged status Not for loan Home library Current library Date acquired Cost, normal purchase price Total Checkouts Full call number Barcode Date last seen Uniform Resource Identifier Price effective from Koha item type
          MACL MACL 15/04/2015 250.00   355/NAD CRE009094 02/05/2024 2537 15/04/2015 Books